| 000 | 01030cam a2200289 a 4500 | ||
|---|---|---|---|
| 001 | 12733467 | ||
| 005 | 20141103121419.0 | ||
| 008 | 020408s2002 paua b 001 0 eng | ||
| 010 | _a 2002279691 | ||
| 020 | _a0721695825 | ||
| 040 |
_aDLC _cDLC _dDLC |
||
| 050 | 0 | 0 |
_aRJ 245 _b.N856 2002 |
| 082 | 0 | 0 | _a610.73/62 |
| 245 | 0 | 0 |
_aNursing care of children : _bprinciples and practice / _c[edited by] Susan Rowen James, Jean Weiler Ashwill, Susan Colvert Droske. |
| 250 | _a2nd ed. | ||
| 260 |
_aPhiladelphia : _bW.B. Saunders, _cc2002. |
||
| 300 |
_axxxiv, 1120 p. : _bill. (chiefly col.) ; _c29 cm. |
||
| 504 | _aIncludes bibliographical references and index. | ||
| 650 | 0 | _aPediatric nursing. | |
| 650 | 1 | 2 | _aPediatric Nursing. |
| 700 | 1 |
_aJames, Susan Rowen, _d1946- |
|
| 700 | 1 | _aAshwill, Jean Weiler. | |
| 700 | 1 | _aDroske, Susan Colvert. | |
| 906 |
_a7 _bcbc _corigcop _d2 _encip _f20 _gy-gencatlg |
||
| 942 |
_2lcc _cBK _kFOR |
||
| 999 |
_c276697 _d276697 |
||